[Event "AUT-chT2M 0506"]
[Site "Austria"]
[Date "2006.02.05"]
[Round "7.2"]
[White "Baumgartner, Heinz"]
[Black "Bokros, Albert"]
[Result "0-1"]
[WhiteElo "2292"]
[BlackElo "2426"]
[PlyCount "92"]
[EventDate "2005.10.08"]
[EventType "team-tourn"]
[EventRounds "11"]
[EventCountry "AUT"]
[SourceTitle "EXT 2006"]
[Source "ChessBase"]
[SourceDate "2005.11.24"]
[SourceVersion "1"]
[SourceVersionDate "2005.11.24"]
[SourceQuality "1"]
[WhiteTeam "Linz SK Voest"]
[BlackTeam "Leoben"]
[WhiteTeamCountry "AUT"]
[BlackTeamCountry "AUT"]

1. Nf3 Nf6 2. g3 d5 3. Bg2 c6 4. 0-0 Bg4 5. b3 Nbd7 6. Bb2 e6 7. d3 Bd6 8. Nbd2 0-0 9. e4 Re8 10. h3 Bxf3 11. Qxf3 e5 12. Qe2 a5 13. a4 Qc7 14. Nf3 Rad8 15. Nh4 Nc5 16. Rfe1 d4 17. Nf5 Bf8 18. Bc1 Ne6 19. Bd2 Bb4 20. Bxb4 axb4 21. Qd2 g6 22. Nh4 Qe7 23. Nf3 Nd7 24. h4 Qc5 25. Bh3 Qc3 26. Qc1 Nef8 27. h5 Ra8 28. Kg2 Nf6 29. hxg6 fxg6 30. Qg5 Kg7 31. Nh4 Kf7 32. Rac1 Ra5 33. Re2 Ng8 34. Rf1 h6 35. Qc1 Kg7 36. f4 Nh7 37. fxe5 Raxe5 38. Qf4 Ngf6 39. Ref2 Qc5 40. Nf3 g5 41. Qd2 g4 42. Nxe5 gxh3+ 43. Kxh3 Rxe5 44. Rf5 Ng5+ 45. Kh4 Rxf5 46. Rxf5 Qxf5 0-1

[Event "AUT-ch qual"]
[Site "Gmunden"]
[Date "2005.08.18"]
[Round "6"]
[White "Schwaninger, Wolfgang"]
[Black "Baumgartner, Heinz"]
[Result "0-1"]
[WhiteElo "2218"]
[BlackElo "2306"]
[PlyCount "80"]
[EventDate "2005.08.13"]
[EventType "swiss"]
[EventRounds "9"]
[EventCountry "AUT"]
[SourceTitle "CBM 107 Extra"]
[Source "ChessBase"]
[SourceDate "2005.09.01"]
[SourceVersion "1"]
[SourceVersionDate "2005.09.01"]
[SourceQuality "1"]

1. d4 Nf6 2. Nf3 d5 3. g3 e6 4. Bg2 Be7 5. 0-0 0-0 6. Nbd2 c5 7. e3 Nc6 8. b3 cxd4 9. exd4 b6 10. Bb2 Ba6 11. Re1 Rc8 12. Ne5 Na5 13. c3 Bd6 14. b4 Nc4 15. Nexc4 Bxc4 16. a4 Bd3 17. Re3 Bf5 18. h3 Re8 19. Qe2 h5 20. a5 Qc7 21. Qb5 Bg6 22. axb6 axb6 23. Ra6 Rb8 24. Qa4 h4 25. Ra7 Rb7 26. Rxb7 Qxb7 27. c4 Ra8 28. Qb3 hxg3 29. fxg3 Qc7 30. c5 Be7 31. Nf3 Ne4 32. Ne5 Bh7 33. Re2 Bf6 34. cxb6 Qxb6 35. Kh2 Rb8 36. Rc2 Bxe5 37. dxe5 Nc5 38. Rxc5 Qxc5 39. Ba3 Qf2 40. Qf3 Qxf3 0-1

[Event "AUT-ch qual"]
[Site "Gmunden"]
[Date "2005.08.15"]
[Round "3"]
[White "Baumgartner, Heinz"]
[Black "Petschar, Hans"]
[Result "1/2-1/2"]
[WhiteElo "2306"]
[BlackElo "2092"]
[PlyCount "155"]
[EventDate "2005.08.13"]
[EventType "swiss"]
[EventRounds "9"]
[EventCountry "AUT"]
[SourceTitle "CBM 107 Extra"]
[Source "ChessBase"]
[SourceDate "2005.09.01"]
[SourceVersion "1"]
[SourceVersionDate "2005.09.01"]
[SourceQuality "1"]

1. Nf3 Nf6 2. g3 g6 3. Bg2 Bg7 4. 0-0 d6 5. d4 0-0 6. c4 Nbd7 7. Nc3 e5 8. e4 exd4 9. Nxd4 a6 10. h3 Re8 11. Nc2 Rb8 12. Re1 Ne5 13. b3 Nfd7 14. Bb2 Nc5 15. Re3 h5 16. f4 Nc6 17. Rb1 Bd7 18. Nd5 Bxb2 19. Rxb2 Be6 20. Nd4 Bxd5 21. cxd5 Ne7 22. g4 Nxd5 23. Rg3 Qh4 24. Kh2 Nxf4 25. gxh5 Qxh5 26. Qxh5 Nxh5 27. Re3 Nf4 28. Bh1 Kg7 29. Rf2 Nfd3 30. Rd2 Ne5 31. Rc3 Rbc8 32. Rg3 Ne6 33. Nf5+ Kf6 34. Ne3 Rh8 35. Nd5+ Kg7 36. Bg2 Rh5 37. Rc2 c6 38. Ne3 Kf6 39. b4 Rg5 40. a4 Rxg3 41. Kxg3 Ke7 42. h4 Nd3 43. Nd5+ Kf8 44. Nb6 Rd8 45. Rc4 Ne5 46. Rc1 Nd3 47. Rc4 Kg7 48. Bf1 Ndf4 49. Rc2 Nh5+ 50. Kf2 Kf6 51. Rd2 Nhf4 52. Bc4 g5 53. hxg5+ Nxg5 54. Ke3 Ng6 55. b5 axb5 56. axb5 Ne5 57. Be2 Ke7 58. Ra2 Rh8 59. Ra7 Rh3+ 60. Kd2 Nxe4+ 61. Ke1 Nc5 62. bxc6 Nxc6 63. Ra8 Ne5 64. Nd5+ Kd7 65. Bb5+ Nc6 66. Rf8 Nd3+ 67. Ke2 Nde5 68. Rb8 Rh2+ 69. Ke3 Ke6 70. Nf4+ Kf5 71. Rxb7 Ng4+ 72. Kf3 Nce5+ 73. Kg3 Ra2 74. Bd3+ Nxd3 75. Rxf7+ Nf6 76. Nh5 Kg6 77. Rxf6+ Kxh5 78. Rxd6 1/2-1/2

[Event "AUT-ch qual"]
[Site "Gmunden"]
[Date "2005.08.13"]
[Round "1"]
[White "Baumgartner, Heinz"]
[Black "Nickl, Klaus"]
[Result "1/2-1/2"]
[WhiteElo "2306"]
[BlackElo "2175"]
[PlyCount "87"]
[EventDate "2005.08.13"]
[EventType "swiss"]
[EventRounds "9"]
[EventCountry "AUT"]
[SourceTitle "CBM 107 Extra"]
[Source "ChessBase"]
[SourceDate "2005.09.01"]
[SourceVersion "1"]
[SourceVersionDate "2005.09.01"]
[SourceQuality "1"]

1. Nf3 d5 2. g3 Nf6 3. Bg2 c6 4. 0-0 Bf5 5. d3 h6 6. b3 e6 7. Bb2 Be7 8. Nbd2 0-0 9. c4 Nbd7 10. Rc1 Rc8 11. Rc2 Qa5 12. Qc1 Rfd8 13. a3 Qc7 14. Qa1 a5 15. cxd5 exd5 16. Nd4 Bh7 17. Bh3 Ra8 18. Bf5 Re8 19. N2f3 Qd8 20. e3 Bf8 21. Rd1 Bxf5 22. Nxf5 g6 23. N5d4 Ng4 24. Re2 Nge5 25. Kg2 Bg7 26. Nh4 Qe7 27. h3 Nc5 28. e4 Nexd3 29. exd5 Nf4+ 30. gxf4 Qxh4 31. Nf3 Bxb2 32. Qxb2 Qxf4 33. dxc6 bxc6 34. Rxe8+ Rxe8 35. Qc3 Ne6 36. Qxc6 Rb8 37. Qc3 g5 38. Re1 Qf5 39. Nd4 Nf4+ 40. Kh2 Qd5 41. Nf3 Qf5 42. Ng1 Qd5 43. Nf3 Qf5 44. Nd4 1/2-1/2

[Event "EU-chT Seniors 07th"]
[Site "Dresden"]
[Date "2005.02.25"]
[Round "8"]
[White "Turikov, Viktor"]
[Black "Baumgartner, Heinz"]
[Result "1-0"]
[WhiteElo "2351"]
[BlackElo "2338"]
[PlyCount "101"]
[EventDate "2005.02.18"]
[EventType "team-swiss"]
[EventRounds "8"]
[EventCountry "GER"]
[SourceTitle "EXT 2006"]
[Source "ChessBase"]
[SourceDate "2005.11.24"]
[SourceVersion "1"]
[SourceVersionDate "2005.11.24"]
[SourceQuality "1"]

1. e3 d5 2. Nf3 Nf6 3. b3 g6 4. Bb2 Bg7 5. Be2 Nbd7 6. 0-0 0-0 7. c4 c6 8. Nc3 dxc4 9. bxc4 e5 10. Qc2 Re8 11. d3 Qa5 12. Nd2 Nc5 13. Nb3 Nxb3 14. axb3 Qc7 15. b4 Bd7 16. Qb3 a6 17. Rfc1 Be6 18. Qa4 h5 19. Bf1 Kh7 20. Nb1 Ng4 21. e4 f5 22. Nd2 Bh6 23. Rd1 Rf8 24. Nf3 fxe4 25. dxe4 Rxf3 26. gxf3 Nxh2 27. Bg2 Bf4 28. Bc1 Qf7 29. Rd6 Re8 30. Qd1 Bc8 31. Rd8 Rxd8 32. Qxd8 Be6 33. Bxf4 Qxf4 34. Qe7+ Bf7 35. Ra3 h4 36. Qd7 Kg7 37. Re3 g5 38. Qf5 g4 39. fxg4 Nxg4 40. Qxf4 exf4 41. Rf3 Ne5 42. Rxf4 Ng6 43. Rg4 Be6 44. Rg5 Bxc4 45. f4 Kh6 46. Rf5 Kg7 47. e5 h3 48. Be4 Bf7 49. Kh2 Be8 50. Rf6 Ne7 51. Re6 1-0

[Event "EU-chT Seniors 07th"]
[Site "Dresden"]
[Date "2005.02.23"]
[Round "6"]
[White "Baumgartner, Heinz"]
[Black "Krieger, Hermann"]
[Result "1/2-1/2"]
[WhiteElo "2338"]
[BlackElo "2260"]
[PlyCount "71"]
[EventDate "2005.02.18"]
[EventType "team-swiss"]
[EventRounds "8"]
[EventCountry "GER"]
[SourceTitle "EXT 2006"]
[Source "ChessBase"]
[SourceDate "2005.11.24"]
[SourceVersion "1"]
[SourceVersionDate "2005.11.24"]
[SourceQuality "1"]

1. Nf3 f5 2. d4 Nf6 3. Nc3 g6 4. Bg5 Bg7 5. Bxf6 Bxf6 6. e4 fxe4 7. Nxe4 0-0 8. Qd2 d5 9. Nxf6+ exf6 10. 0-0-0 Nc6 11. h3 Qd6 12. Kb1 Rb8 13. Bd3 Nb4 14. Be2 b5 15. g4 a5 16. Ne1 f5 17. f3 Be6 18. Nd3 Nxd3 19. Bxd3 a4 20. Rde1 Bd7 21. c3 fxg4 22. fxg4 b4 23. c4 a3 24. b3 Rf4 25. Re5 Rxd4 26. Rxd5 Rxd5 27. cxd5 Re8 28. Bc4 Re5 29. Rd1 Kg7 30. Qd4 Qf6 31. Kc2 c5 32. Qxc5 Re4 33. Rd2 Qc3+ 34. Kd1 Qa1+ 35. Kc2 Qc3+ 36. Kd1 1/2-1/2

[Event "EU-chT Seniors 07th"]
[Site "Dresden"]
[Date "2005.02.19"]
[Round "2"]
[White "Baumgartner, Heinz"]
[Black "Kortschnoj, Viktor Lvovich"]
[Result "0-1"]
[WhiteElo "2338"]
[BlackElo "2617"]
[PlyCount "62"]
[EventDate "2005.02.18"]
[EventType "team-swiss"]
[EventRounds "8"]
[EventCountry "GER"]
[SourceTitle "EXT 2006"]
[Source "ChessBase"]
[SourceDate "2005.11.24"]
[SourceVersion "1"]
[SourceVersionDate "2005.11.24"]
[SourceQuality "1"]

1. Nf3 d5 2. g3 c5 3. Bg2 e6 4. 0-0 Nc6 5. d4 Qb6 6. dxc5 Bxc5 7. Nc3 Bb4 8. e4 d4 9. Ne2 e5 10. c3 dxc3 11. Nxc3 Bxc3 12. bxc3 Be6 13. Be3 Qc7 14. Qa4 f6 15. Nh4 Nge7 16. Rab1 0-0 17. Rfd1 Na5 18. Nf5 b6 19. Bc1 Nxf5 20. exf5 Bxf5 21. Bxa8 Rxa8 22. Rb5 Be6 23. f4 Nc4 24. fxe5 fxe5 25. Rbd5 Rf8 26. Bg5 Nb2 27. Qc2 Nxd1 28. Rxd1 Qc5+ 29. Kg2 Bd5+ 30. Kh3 Qc8+ 31. Kh4 Bf3 0-1

[Event "AUT-chT2M 0405"]
[Site "Austria"]
[Date "2005.01.28"]
[Round "5.4"]
[White "Baumgartner, Heinz"]
[Black "Niederwieser, Peter"]
[Result "1/2-1/2"]
[WhiteElo "2337"]
[BlackElo "2186"]
[PlyCount "97"]
[EventDate "2004.10.16"]
[EventType "team-tourn"]
[EventRounds "11"]
[EventCountry "AUT"]
[SourceTitle "EXT 2005"]
[Source "ChessBase"]
[SourceDate "2004.11.15"]
[SourceVersion "1"]
[SourceVersionDate "2004.11.15"]
[SourceQuality "1"]
[WhiteTeam "Linz SK Voest"]
[BlackTeam "Wartberg/Aist"]
[WhiteTeamCountry "AUT"]
[BlackTeamCountry "AUT"]

1. Nf3 d5 2. g3 c6 3. Bg2 Bg4 4. 0-0 Nd7 5. d4 Ngf6 6. Nbd2 e6 7. Re1 Be7 8. e4 dxe4 9. Nxe4 Nxe4 10. Rxe4 Nf6 11. Re1 0-0 12. c3 Qb6 13. h3 Bxf3 14. Qxf3 Rfd8 15. Re2 Rd7 16. Bf4 Rad8 17. Be5 Ne8 18. Bf4 c5 19. dxc5 Bxc5 20. Kh2 a5 21. Rf1 Be7 22. h4 Qb5 23. Rfe1 b6 24. Qc6 Qxc6 25. Bxc6 Ra7 26. a4 Kf8 27. Kg2 h6 28. Rd2 Rxd2 29. Bxd2 Rc7 30. Bf3 Rd7 31. Re2 Rd8 32. b4 Nd6 33. Bf4 Nc4 34. Re4 Nd2 35. Bxd2 Rxd2 36. Rc4 Rd8 37. Rc6 Rd6 38. Rc4 Rd2 39. Kf1 Ke8 40. Ke1 Rd6 41. Bc6+ Kf8 42. Ke2 Rd8 43. Bf3 Rd7 44. Be4 Bd8 45. h5 Rc7 46. Kd3 Rxc4 47. Kxc4 f5 48. Bc6 Bf6 49. Bd7 1/2-1/2

[Event "EU-ch Seniors 05th"]
[Site "Bad Homburg"]
[Date "2005.??.??"]
[Round "7"]
[White "Bierwisch, Bernhard"]
[Black "Baumgartner, Heinz"]
[Result "1/2-1/2"]
[WhiteElo "2197"]
[BlackElo "2330"]
[PlyCount "95"]
[EventDate "2005.06.25"]
[EventType "swiss"]
[EventRounds "9"]
[EventCountry "GER"]
[SourceTitle "EXT 2006"]
[Source "ChessBase"]
[SourceDate "2005.11.24"]
[SourceVersion "1"]
[SourceVersionDate "2005.11.24"]
[SourceQuality "1"]

1. e4 e5 2. Nf3 Nc6 3. Bb5 a6 4. Ba4 d6 5. c3 Bd7 6. 0-0 Nf6 7. Re1 Be7 8. d4 0-0 9. Nbd2 exd4 10. cxd4 Nb4 11. Bxd7 Qxd7 12. Qb3 a5 13. a3 Na6 14. Nf1 d5 15. Ne5 Qe6 16. Bg5 dxe4 17. Qxe6 fxe6 18. Ng3 c5 19. Bxf6 gxf6 20. Nd7 Rfd8 21. Nxc5 Bxc5 22. dxc5 f5 23. f3 Nxc5 24. fxe4 f4 25. Nh5 e5 26. Nf6+ Kf7 27. Nd5 Ra6 28. Rac1 Rc6 29. Rc2 Rdc8 30. b4 Nd3 31. Rxc6 bxc6 32. Nb6 Rb8 33. Rd1 Rxb6 34. Rxd3 axb4 35. axb4 Rxb4 36. Rd6 c5 37. Rc6 Rxe4 38. Rxc5 Kg6 39. Kf2 Kf5 40. Rc7 Ra4 41. Rxh7 Ra2+ 42. Kf1 e4 43. Rh5+ Kg4 44. Re5 e3 45. Re8 Kf5 46. g3 Rxh2 47. gxf4 Kxf4 48. Ke1 1/2-1/2

[Event "EU-ch Seniors 05th"]
[Site "Bad Homburg"]
[Date "2005.??.??"]
[Round "5"]
[White "Tchetchelnitski, Boris"]
[Black "Baumgartner, Heinz"]
[Result "1-0"]
[WhiteElo "2184"]
[BlackElo "2330"]
[PlyCount "91"]
[EventDate "2005.06.25"]
[EventType "swiss"]
[EventRounds "9"]
[EventCountry "GER"]
[SourceTitle "EXT 2006"]
[Source "ChessBase"]
[SourceDate "2005.11.24"]
[SourceVersion "1"]
[SourceVersionDate "2005.11.24"]
[SourceQuality "1"]

1. Nf3 Nf6 2. c4 e6 3. g3 d5 4. Bg2 Nbd7 5. cxd5 exd5 6. 0-0 Be7 7. Nc3 0-0 8. d4 c6 9. Qc2 Re8 10. Rd1 Bd6 11. Nh4 Nf8 12. Nf5 Bxf5 13. Qxf5 Qc8 14. Qxc8 Raxc8 15. Bg5 Be7 16. Bxf6 Bxf6 17. e4 dxe4 18. Nxe4 Be7 19. d5 cxd5 20. Rxd5 Rc2 21. Re1 Rd8 22. Rxd8 Bxd8 23. Rd1 Ba5 24. Rd5 b6 25. Rb5 a6 26. Rb3 Ne6 27. Bf1 f5 28. Nd6 b5 29. Re3 Nc7 30. Re2 Rc5 31. Nb7 Rc4 32. Nxa5 Ra4 33. Nc6 Rxa2 34. Ne7+ Kf7 35. Nxf5 Ne6 36. Nd6+ Kf6 37. Ne4+ Kf7 38. Rd2 Ke7 39. f4 Nf8 40. Nc3 Ra1 41. Kf2 Ne6 42. Bd3 h6 43. Bf5 Nc5 44. b4 Nb3 45. Rd7+ Kf8 46. Bg6 1-0

[Event "Wch Seniors 14th"]
[Site "Halle"]
[Date "2004.11.02"]
[Round "8"]
[White "Baumgartner, Heinz"]
[Black "Spassov, Liuben"]
[Result "1/2-1/2"]
[WhiteElo "2337"]
[BlackElo "2377"]
[PlyCount "72"]
[EventDate "2004.10.24"]
[EventType "swiss"]
[EventRounds "11"]
[EventCountry "GER"]
[SourceTitle "EXT 2005"]
[Source "ChessBase"]
[SourceDate "2004.11.15"]
[SourceVersion "1"]
[SourceVersionDate "2004.11.15"]
[SourceQuality "1"]

1. Nf3 Nf6 2. d4 e6 3. g3 c5 4. Bg2 cxd4 5. Nxd4 a6 6. c4 Qc7 7. b3 Be7 8. 0-0 0-0 9. Bb2 d6 10. Nc3 Nbd7 11. Rc1 Rd8 12. e4 Nf8 13. Qe2 Bd7 14. Kh1 Rab8 15. f4 Be8 16. Rc2 Qa5 17. a3 Rdc8 18. Re1 b5 19. e5 dxe5 20. fxe5 N6d7 21. Nc6 Rxc6 22. Bxc6 bxc4 23. b4 Qc7 24. Bg2 Nb6 25. Ne4 Ba4 26. Rcc1 Ng6 27. Bd4 Bb5 28. Nc3 Bc6 29. Rcd1 Bxg2+ 30. Kxg2 Nd7 31. Qe4 h6 32. Rb1 Bg5 33. Re2 Be7 34. Rbb2 Bf8 35. Na4 Rc8 36. Rbc2 Ngxe5 1/2-1/2

[Event "Wch Seniors 14th"]
[Site "Halle"]
[Date "2004.10.28"]
[Round "5"]
[White "Baumgartner, Heinz"]
[Black "Arnaudov, Petar"]
[Result "1-0"]
[WhiteElo "2337"]
[BlackElo "2227"]
[PlyCount "135"]
[EventDate "2004.10.24"]
[EventType "swiss"]
[EventRounds "11"]
[EventCountry "GER"]
[SourceTitle "EXT 2005"]
[Source "ChessBase"]
[SourceDate "2004.11.15"]
[SourceVersion "1"]
[SourceVersionDate "2004.11.15"]
[SourceQuality "1"]

1. Nf3 d6 2. d4 Bg4 3. Nbd2 Nf6 4. e4 c6 5. Be2 e6 6. 0-0 Be7 7. c4 Bxf3 8. Bxf3 Nbd7 9. b3 0-0 10. Bb2 d5 11. a3 a5 12. Qc2 Nb8 13. Rac1 Na6 14. Be2 Rb8 15. Bd3 g6 16. e5 Ne8 17. c5 Nac7 18. f4 b6 19. cxb6 Rxb6 20. g4 Kh8 21. f5 gxf5 22. gxf5 exf5 23. Rxf5 Ng7 24. Rf3 f5 25. Bxf5 Bg5 26. Rcf1 Nce6 27. Bxe6 Rxf3 28. Nxf3 Be3+ 29. Kh1 Nxe6 30. Qc3 Bf4 31. Qxa5 Rxb3 32. Qxd8+ Nxd8 33. Rf2 Ne6 34. Kg2 Kg7 35. Rc2 Be3 36. a4 Kf7 37. a5 Ke8 38. a6 Rb6 39. a7 Nc7 40. Ba3 Ra6 41. Bc5 Ne6 42. Rb2 Nxc5 43. Rb8+ Kf7 44. a8Q Rxa8 45. Rxa8 Ne6 46. Ra4 c5 47. dxc5 Nxc5 48. Ra7+ Ke6 49. Rxh7 d4 50. Kf1 d3 51. Rh8 Kf5 52. Ke1 Ne4 53. Rf8+ Ke6 54. Rc8 Kf5 55. Rc4 Nc5 56. h4 Ne6 57. h5 Bf4 58. Rc6 Be3 59. Rd6 d2+ 60. Kd1 Bf4 61. Ra6 Be3 62. Nxd2 Nc5 63. Rf6+ Kxe5 64. Rf7 Ke6 65. Rc7 Bxd2 66. Kxd2 Ne4+ 67. Ke3 Nd6 68. Rc6 1-0

[Event "Wch Seniors 14th"]
[Site "Halle"]
[Date "2004.10.24"]
[Round "1"]
[White "Baumgartner, Heinz"]
[Black "Ljangov, Petar"]
[Result "1-0"]
[WhiteElo "2337"]
[BlackElo "2166"]
[PlyCount "194"]
[EventDate "2004.10.24"]
[EventType "swiss"]
[EventRounds "11"]
[EventCountry "GER"]
[SourceTitle "EXT 2005"]
[Source "ChessBase"]
[SourceDate "2004.11.15"]
[SourceVersion "1"]
[SourceVersionDate "2004.11.15"]
[SourceQuality "1"]

1. Nf3 Nf6 2. g3 b6 3. Bg2 Bb7 4. 0-0 c5 5. c4 g6 6. Nc3 Bg7 7. Re1 Ne4 8. Nxe4 Bxe4 9. d3 Bb7 10. Rb1 0-0 11. a3 d6 12. b4 Nd7 13. Bb2 Bxb2 14. Rxb2 Qc7 15. Qd2 Kg7 16. e4 Ne5 17. Nh4 f6 18. f4 Nc6 19. Nf3 e5 20. h4 Nd4 21. Nxd4 cxd4 22. Bh3 Bc8 23. Qh2 Bxh3 24. Qxh3 Qc8 25. Qxc8 Raxc8 26. b5 Ra8 27. a4 a5 28. bxa6 Rxa6 29. Rb4 Rc8 30. Kf2 h5 31. Kf3 Kf7 32. g4 hxg4+ 33. Kxg4 exf4 34. Kxf4 Ke6 35. Reb1 Rc6 36. Rb5 Rxa4 37. Rd5 Ra2 38. Rxd4 Rf2+ 39. Kg3 Ra2 40. Rd5 Ra3 41. Kf4 Ra2 42. Rdb5 Ra3 43. R1b3 Ra6 44. Ke3 Kd7 45. Rb1 Ke7 46. Kd4 Ra5 47. Rxb6 Rxb6 48. Rxb6 Rh5 49. Rb7+ Ke6 50. Rg7 Rxh4 51. Rxg6 Rh3 52. Rg1 Rf3 53. Re1 Rh3 54. Re3 Rh5 55. Rf3 Ra5 56. Kc3 Ra1 57. Rf5 Ra3+ 58. Kd4 Ra4 59. Rb5 Ra3 60. c5 Ra4+ 61. Ke3 dxc5 62. Rxc5 Rb4 63. d4 Rb1 64. Rc6+ Ke7 65. d5 Re1+ 66. Kd4 Rd1+ 67. Kc5 Re1 68. Re6+ Kd7 69. Kd4 Rf1 70. Ke3 Kc7 71. Ra6 Kd7 72. Ra2 Ke7 73. Ra7+ Kd6 74. Ra6+ Ke7 75. Kd4 Kd7 76. Ke3 Ke7 77. Ra8 Kd7 78. Ke2 Rf4 79. Kd3 Rf1 80. Ra4 Ke7 81. Ke2 Rf4 82. Ke3 Rf1 83. Kd4 Rd1+ 84. Kc5 Rc1+ 85. Rc4 Ra1 86. Kc6 Ra6+ 87. Kc7 Ra7+ 88. Kb6 Ra1 89. Rc7+ Kd6 90. Rc6+ Ke7 91. Re6+ Kf7 92. Kc5 Rc1+ 93. Kd6 Ra1 94. Re7+ Kg6 95. Rc7 Re1 96. Rc4 Kf7 97. Kd7 Ra1 1-0

[Event "AUT-chT2M 0405"]
[Site "Austria"]
[Date "2004.10.17"]
[Round "2.4"]
[White "Baumgartner, Heinz"]
[Black "Tratar, Marko"]
[Result "0-1"]
[WhiteElo "2337"]
[BlackElo "2473"]
[PlyCount "110"]
[EventDate "2004.10.16"]
[EventType "team-tourn"]
[EventRounds "11"]
[EventCountry "AUT"]
[SourceTitle "EXT 2005"]
[Source "ChessBase"]
[SourceDate "2004.11.15"]
[SourceVersion "1"]
[SourceVersionDate "2004.11.15"]
[SourceQuality "1"]
[WhiteTeam "Linz SK Voest"]
[BlackTeam "Maria Saal"]
[WhiteTeamCountry "AUT"]
[BlackTeamCountry "AUT"]

1. Nf3 Nf6 2. g3 d5 3. Bg2 c6 4. 0-0 Bg4 5. b3 Nbd7 6. Bb2 e6 7. d4 Be7 8. Nbd2 0-0 9. c4 a5 10. h3 Bh5 11. Ne5 Nxe5 12. dxe5 Nd7 13. g4 Bg6 14. e4 dxe4 15. Nxe4 Nc5 16. Nd6 Nd3 17. Ba3 Nxe5 18. c5 Bxd6 19. cxd6 Nd7 20. Qe2 e5 21. Bb2 Re8 22. Rad1 Qb6 23. h4 h6 24. h5 Bh7 25. Be4 Bxe4 26. Qxe4 Re6 27. Kg2 Qb4 28. Rfe1 Qxe4+ 29. Rxe4 Kf8 30. Kg3 Rae8 31. f3 Rf6 32. Bc3 b6 33. Bb2 Ree6 34. Bxe5 Nxe5 35. d7 Nxd7 36. Rxd7 Rxe4 37. fxe4 c5 38. Rb7 Kg8 39. e5 Rc6 40. Rb8+ Kh7 41. Rb7 f6 42. exf6 Rxf6 43. Rc7 Rd6 44. Kf4 a4 45. Rb7 axb3 46. axb3 Rd4+ 47. Kf5 Rb4 48. g5 hxg5 49. Kxg5 Rb5 50. h6 c4+ 51. Kf4 cxb3 52. Rxg7+ Kxh6 53. Rg1 b2 54. Rb1 Rb3 55. Kf5 b5 0-1

[Event "AUT-chT2M 0304"]
[Site "Austria"]
[Date "2004.02.28"]
[Round "8.4"]
[White "Baumgartner, Heinz"]
[Black "Fauland, Alexander"]
[Result "0-1"]
[WhiteElo "2347"]
[BlackElo "2404"]
[PlyCount "76"]
[EventDate "2003.11.08"]
[EventType "team-tourn"]
[EventRounds "11"]
[EventCountry "AUT"]
[SourceTitle "CBM 097 Extra"]
[Source "ChessBase"]
[SourceDate "2004.01.13"]
[SourceVersion "1"]
[SourceVersionDate "2004.01.13"]
[SourceQuality "1"]
[WhiteTeam "Linz SK Voest"]
[BlackTeam "Graz Styria"]
[WhiteTeamCountry "AUT"]
[BlackTeamCountry "AUT"]

1. Nf3 g6 2. d4 Bg7 3. e3 d6 4. Be2 Nd7 5. d5 Ngf6 6. 0-0 c6 7. dxc6 bxc6 8. c4 Ne4 9. Qc2 Ndc5 10. Nd4 Qb6 11. Bf3 f5 12. Nd2 e5 13. N4b3 Ng5 14. Be2 Nce6 15. c5 dxc5 16. Nc4 Qc7 17. Bd2 0-0 18. Rfd1 f4 19. Bf1 Ba6 20. Nba5 Rad8 21. Bc3 Rd5 22. Re1 fxe3 23. Nxe3 Bxf1 24. Nxd5 cxd5 25. Rxf1 e4 26. Bxg7 Kxg7 27. Nb3 Qe5 28. Rae1 Rf5 29. h4 Nf3+ 30. gxf3 Rg5+ 31. Kh1 Qf4 32. Qc3+ Kg8 33. Rxe4 dxe4 34. hxg5 Qh4+ 35. Kg1 Qxg5+ 36. Kh1 Nf4 37. Qc4+ Kg7 38. Qc3+ Kh6 0-1

[Event "AUT-chT2M 0304"]
[Site "Austria"]
[Date "2003.12.07"]
[Round "4.4"]
[White "Baumgartner, Heinz"]
[Black "Loebler, Heimo"]
[Result "1/2-1/2"]
[WhiteElo "2347"]
[BlackElo "2216"]
[PlyCount "40"]
[EventDate "2003.11.08"]
[EventType "team-tourn"]
[EventRounds "11"]
[EventCountry "AUT"]
[SourceTitle "CBM 097 Extra"]
[Source "ChessBase"]
[SourceDate "2004.01.13"]
[SourceVersion "1"]
[SourceVersionDate "2004.01.13"]
[SourceQuality "1"]
[WhiteTeam "Linz SK Voest"]
[BlackTeam "Graz Austria II"]
[WhiteTeamCountry "AUT"]
[BlackTeamCountry "AUT"]

1. Nf3 f5 2. g3 Nf6 3. Bg2 g6 4. d4 Bg7 5. c4 0-0 6. 0-0 d6 7. d5 Qe8 8. Nc3 a5 9. Nd4 Na6 10. Rb1 Bd7 11. b3 c6 12. Bb2 Nc5 13. e3 Rc8 14. a3 g5 15. b4 axb4 16. axb4 Nce4 17. Nxe4 fxe4 18. dxc6 bxc6 19. f3 exf3 20. Bxf3 c5 1/2-1/2

[Event "AUT-chT2M 0304"]
[Site "Austria"]
[Date "2003.12.06"]
[Round "3.4"]
[White "Krebs, Johann"]
[Black "Baumgartner, Heinz"]
[Result "0-1"]
[WhiteElo "2304"]
[BlackElo "2347"]
[PlyCount "128"]
[EventDate "2003.11.08"]
[EventType "team-tourn"]
[EventRounds "11"]
[EventCountry "AUT"]
[SourceTitle "CBM 097 Extra"]
[Source "ChessBase"]
[SourceDate "2004.01.13"]
[SourceVersion "1"]
[SourceVersionDate "2004.01.13"]
[SourceQuality "1"]
[WhiteTeam "Graz Strassenbahn"]
[BlackTeam "Linz SK Voest"]
[WhiteTeamCountry "AUT"]
[BlackTeamCountry "AUT"]

1. d4 Nf6 2. c4 e6 3. Nf3 b6 4. g3 Ba6 5. Nbd2 d5 6. Bg2 c6 7. 0-0 Be7 8. Qc2 0-0 9. Rd1 Nbd7 10. b3 b5 11. a4 bxc4 12. bxc4 Rc8 13. Ba3 c5 14. dxc5 Bxc5 15. e4 Bxc4 16. Nxc4 Nxe4 17. Nd4 Bxa3 18. Bxe4 Rxc4 19. Bxh7+ Kh8 20. Qb1 Bc5 21. Nb3 Rb4 22. Bc2 Qb6 23. a5 Qb5 24. Qa2 Ne5 25. Rab1 f5 26. Nxc5 Qxc5 27. Rxb4 Qxb4 28. Qa1 Nc4 29. Rb1 Qxa5 30. Qxa5 Nxa5 31. Ra1 Nc6 32. Ba4 Nb8 33. Rb1 Na6 34. Rb7 Nc5 35. Rxa7 Nxa4 36. Rxa4 Kg8 37. Ra7 Rd8 38. f4 Kf8 39. Kf2 Re8 40. Rd7 Re7 41. Rd8+ Kf7 42. h3 Kf6 43. g4 g5 44. gxf5 gxf4 45. fxe6 Ke5 46. Kf3 Rxe6 47. Rh8 Rf6 48. h4 Kd4 49. h5 Kd3 50. h6 d4 51. h7 Rf7 52. Kg2 Kd2 53. Kf3 d3 54. Kg2 Rc7 55. Kf3 Kc2 56. Kxf4 d2 57. Rd8 Rxh7 58. Rc8+ Kd1 59. Kf3 Rf7+ 60. Kg2 Rf5 61. Rc7 Ke2 62. Re7+ Kd3 63. Rd7+ Ke3 64. Rd8 Rf4 0-1

[Event "Wch Seniors 13th"]
[Site "Bad Zwischenahn"]
[Date "2003.11.24"]
[Round "6"]
[White "Goy, Udo"]
[Black "Baumgartner, Heinz"]
[Result "0-1"]
[WhiteElo "2264"]
[BlackElo "2347"]
[PlyCount "70"]
[EventDate "2003.11.16"]
[EventType "swiss"]
[EventRounds "11"]
[EventCountry "GER"]
[SourceTitle "CBM 097 Extra"]
[Source "ChessBase"]
[SourceDate "2004.01.13"]
[SourceVersion "1"]
[SourceVersionDate "2004.01.13"]
[SourceQuality "1"]

1. d4 Nf6 2. c4 e6 3. Nc3 d5 4. Nf3 c5 5. e3 Nc6 6. Bd3 a6 7. 0-0 dxc4 8. Bxc4 b5 9. Bb3 Bb7 10. Qe2 Be7 11. Rd1 Qc7 12. d5 exd5 13. Nxd5 Nxd5 14. Bxd5 0-0 15. e4 Rad8 16. Be3 c4 17. a3 Na5 18. Rab1 Nb3 19. Nd4 Nxd4 20. Rxd4 Bc5 21. Rd2 Bxd5 22. exd5 Rfe8 23. Qf3 Bxe3 24. fxe3 Qe5 25. Re1 c3 26. bxc3 Qxc3 27. Qe2 Qxa3 28. e4 Re5 29. Qf2 Qe7 30. Qd4 Rd6 31. Rc2 Rexd5 32. Qb4 Qa7+ 33. Kh1 Rd1 34. e5 Rd8 35. Rc3 Rxe1# 0-1